Las toreras [ (Record no. 168867)

MARC details
000 -LEADER
campo de control de longitud fija 00741nam a22001935i 4500
001 - NÚMERO DE CONTROL
campo de control 168867
003 - IDENTIFICADOR DE NÚMERO DE CONTROL
campo de control ES-MaACL
005 - FECHA Y HORA DE LA ÚLTIMA TRANSACCIÓN
campo de control 20230906213920.0
008 - DATOS DE LONGITUD FIJA--INFORMACIÓN GENERAL
campo de control de longitud fija 080617s1928 fr |||| | fre d
080 ## - NÚMERO DE LA CLASIFICACIÓN DECIMAL UNIVERSAL
Número de la Clasificación Decimal Universal 782.8
100 1# - ENTRADA PRINCIPAL--NOMBRE DE PERSONA
Nombre de persona Laparra, Raoul.
9 (RLIN) 137996
245 14 - MENCIÓN DEL TÍTULO
Título Las toreras [
Medio música impresa]
Resto del título : zarzuela en un acte suivie d'un ballet /
Mención de responsabilidad, etc. d'après Tirso de Molina ; paroles et musique de Raoul Laparra.
260 ## - PUBLICACIÓN, DISTRIBUCIÓN, ETC.
Lugar de publicación, distribución, etc. Paris :
Nombre del editor, distribuidor, etc. René Gilles,
Fecha de publicación, distribución, etc. [1928]
300 ## - DESCRIPCIÓN FÍSICA
Extensión 1 partitura vocal ( [12], 119 p.) ;
Dimensiones 28 cm.
650 14 - PUNTO DE ACCESO ADICIONAL DE MATERIA--TÉRMINO DE MATERIA
Término de materia o nombre geográfico como elemento de entrada Zarzuelas-
Subdivisión general Partituras vocales.
9 (RLIN) 138109
700 1# - ENTRADA AGREGADA--NOMBRE PERSONAL
Nombre de persona Molina, Tirso de,
Fechas asociadas al nombre 1579-1648
9 (RLIN) 226522
852 4# - LOCALIZACIÓN
Ubicación ES-MaACL
Número de control de estantería L-29331
itemnumber R.141079
Nota libre Biblioteca Jacinto Martínez Lacalle
Holdings
Estatus retirado Estado de pérdida Fuente del sistema de clasificación o colocación Estado de daño No para préstamo Colección Biblioteca de origen Biblioteca actual Ubicación en estantería Fecha de adquisición Total de préstamos Signatura topográfica completa Código de barras Visto por última vez Precio de reemplazo Tipo de ítem Koha
    Clasificación decimal universal     Música impresa Biblioteca del Ateneo de Madrid Biblioteca del Ateneo de Madrid Depósito 2 17/06/2008   L-29331 1177221 23/02/2023 23/02/2023 Partitura